000 01176cas a22002897ar4500
005 20220329142044.0
008 990430d19741979es a p rnn uub0spa d
010 _a77710
011 _a78682
035 _a88699
245 0 0 _aAnales del Instituto Nacional de Investigaciones Agrarias :
_bSerie Higiene y Sanidad Animal
_c/por Instituto Nacional de Investigaciones Agrarias. Ministerio de Agricultura.
260 0 _aMadrid, España :
_bInstituto Nacional de Investigaciones Agrarias. Ministerio de Agricultura,
_c1974-1979.
300 _an.
310 _aAnual
362 _an.1, 1974
500 _aContiene resúmenes en inglés
590 _aBATCH-UPD
_b10
_c20130110
_lUCH01
_h0737
590 _aBATCH-UPD
_b10
_c20130410
_lUCH01
_h0419
590 _aBATCH-UPD
_b10
_c20130914
_lUCH01
_h1616
590 _aCONVERSION
_b10
_c20130109
_lUCH01
_h1343
650 1 4 _aHigiene veterinaria
_xPublicaciones periódicas.
_955336
650 1 4 _aSanidad animal
_xPublicaciones periódicas.
_9102223
785 _tAnales del Instituto Nacional de Investigaciones Agrarias. Serie Ganadera, 1982
866 _an.1-4 (1974-1979)
901 _aSE
905 _aMa. del Socorro Iturbe C.
999 _c77710
_d77710